UBT Library

DIET FOR THE ATOMIC AGE (Record no. 58655)

000 -LEADER
fixed length control field 00329nam a22001457a 4500
008 - FIXED-LENGTH DATA ELEMENTS--GENERAL INFORMATION
fixed length control field 221024b ||||| |||| 00| 0 eng d
020 ## - INTERNATIONAL STANDARD BOOK NUMBER
International Standard Book Number 0941683265
041 ## - LANGUAGE CODE
Language code of text/sound track or separate title eng
080 ## - UNIVERSAL DECIMAL CLASSIFICATION NUMBER
Edition identifier REVISED EDITION
Universal Decimal Classification number 61
082 ## - DEWEY DECIMAL CLASSIFICATION NUMBER
Classification number 61 SHAN
100 ## - Rafti
Rafti 4
101 ## - Shkurtesa
Shkurtesa MJEK
245 ## - TITLE STATEMENT
Title DIET FOR THE ATOMIC AGE
Statement of responsibility, etc SHANNON S
942 ## - ADDED ENTRY ELEMENTS (KOHA)
Source of classification or shelving scheme
Item type Books
Holdings
Withdrawn status Lost status Source of classification or shelving scheme Damaged status Not for loan Collection code Permanent location Current location Date acquired Total Checkouts Full call number Barcode Date last seen Price effective from Koha item type
          Koleksioni i përgjithshem UBT - Lipjan UBT - Lipjan 10/24/2022   61 SHAN 002-800028700260305 10/24/2022 10/24/2022 Books
UBT Library © 2015-2024. All rights reserved University Education for Business and Technology